Amending the act entitled "An act to provide for the establishment of the Coronado International Memorial, in the State of Arizona," approved August 18, 1941 (55 Stat. 630).

Bibliographic Details
Corporate Authors: United States. Congress. Senate. Committee on Interior and Insular Affairs, ProQuest (Firm)
Format: eBook
Language:English
Published: Washington : [publisher not identified], 1952.
Series:United States congressional serial set.
Subjects:
Online Access:Connect to the full text of this electronic book

MARC

Tag First Indicator Second Indicator Subfields
LEADER 00000cam a22000001a 4500
001 in00003088607
005 20190403183757.0
006 m o d
007 cr un mmmapmmp
008 080410s1952 dcu o f000 0 eng d
035 |a cis2004239946 
040 |a UMI  |c UMI  |d UtOrBLW 
043 |a n-us--- 
099 |a ProQuest Serial Set Number 11568 S.rp.1743 
110 1 |a United States.  |b Congress.  |b Senate.  |b Committee on Interior and Insular Affairs. 
245 1 0 |a Amending the act entitled "An act to provide for the establishment of the Coronado International Memorial, in the State of Arizona," approved August 18, 1941 (55 Stat. 630). 
246 1 |a Amending Coronado International Memorial act so as to change designation of Memorial, etc 
264 1 |a Washington :  |b [publisher not identified],  |c 1952. 
300 |a 1 online resource. 
336 |a text  |b txt  |2 rdacontent 
337 |a computer  |b c  |2 rdamedia 
338 |a online resource  |b cr  |2 rdacarrier 
490 0 |a S.rp.1743 
500 |a Record is based on bibliographic data in ProQuest U.S. Serial Set Digital Collection (last viewed Apr. 2008). Reuse except for individual research requires license from ProQuest, LLC. 
510 3 |a ProQuest U.S. Serial Set Digital Collection 
500 |a Electronic resource. 
650 0 |a Monuments. 
651 0 |a Arizona. 
651 0 |a Mexico. 
655 7 |a Electronic books.  |2 local 
710 2 |a ProQuest (Firm) 
830 0 |a United States congressional serial set. 
856 4 0 |u http://proxy.library.tamu.edu/login?url=http://congressional.proquest.com/congcomp/getdoc?SERIAL-SET-ID=11568+S.rp.1743  |z Connect to the full text of this electronic book  |t 0 
999 |a MARS 
999 f f |s 9978de67-9685-3f7c-bead-f496cb38a6e3  |i f6ddaa21-9358-394d-84f8-13d6e1444804  |t 0 
952 f f |a Texas A&M University  |b College Station  |c Electronic Resources  |d Available Online  |t 0  |e ProQuest Serial Set Number 11568 S.rp.1743  |h Other scheme 
998 f f |a ProQuest Serial Set Number 11568 S.rp.1743  |t 0  |l Available Online